Orthographe du L___________ - Statistiques

Statistiques générales
  • Ce quiz a été pris 128 fois
  • Le résultat moyen est 12 sur 13
Statistiques - réponses
Lettres % Correct
L
100%
I
93%
C
89%
E
89%
H
89%
T
89%
E
87%
N
87%
S
87%
E
86%
I
86%
N
86%
T
86%
Aucun quiz correspondant
Distribution des résultats
% des personnes avec chaque résultat
Percentile par nombre de réponses
Votre historique - résultats
Vous n’avez pas pris ce quiz